Central Library OPAC University of Rajshahi

Reading the short story / (Record no. 20471)

MARC details
000 -LEADER
fixed length control field 00785cam a22002771 4500
001 - CONTROL NUMBER
control field 20471
003 - CONTROL NUMBER IDENTIFIER
rucl marc code BD-RjUL
005 - DATE AND TIME OF LATEST TRANSACTION
control field 20211209000553.0
008 - FIXED-LENGTH DATA ELEMENTS--GENERAL INFORMATION
fixed length control field 140203s1954 nyu 000 1 eng d
035 ## - SYSTEM CONTROL NUMBER
System control number (BD-RjUL) 20533
System control number (OCoLC)3306235
040 ## - CATALOGING SOURCE
Original cataloging agency DLC
Transcribing agency OKentU
Modifying agency DLC
Language of cataloging eng
041 ## - LANGUAGE CODE
Language code of text/sound track or separate title eng
082 00 - DEWEY DECIMAL CLASSIFICATION NUMBER
Classification number 823
Author mark and year SHR 1954
100 1# - MAIN ENTRY--PERSONAL NAME
Personal name Shaw, Harry,
Dates associated with a name 1905-
9 (RLIN) 63127
245 10 - TITLE STATEMENT
Title Reading the short story /
Statement of responsibility, etc. by Harry Shaw and the late Douglas Bement.
250 ## - EDITION STATEMENT
Edition statement 2d ed. [by] Harry Shaw.
260 ## - PUBLICATION, DISTRIBUTION, ETC. (IMPRINT)
Place of publication, distribution, etc. New York :
Name of publisher, distributor, etc. Harper,
Date of publication, distribution, etc. c1954
300 ## - PHYSICAL DESCRIPTION
Pagination 396 p. ;
Size 21 cm.
650 #0 - SUBJECT ADDED ENTRY--TOPICAL TERM
Topical term or geographic name as entry element Short stories.
9 (RLIN) 63128
Topical term or geographic name as entry element Short story.
9 (RLIN) 63129
700 1# - ADDED ENTRY--PERSONAL NAME
Personal name Bement, Douglas,
Dates associated with a name 1898-
Relator term joint ed.
942 ## - ADDED ENTRY ELEMENTS (KOHA)
Source of classification or shelving scheme Dewey Decimal Classification
Koha item type Books
Holdings
Lost status Source of classification or shelving scheme Damaged status Not for loan Collection code Permanent Location Current Location Shelving location Date acquired Source of acquisition Total Checkouts Full call number Date last seen Copy number Koha item type
  Dewey Decimal Classification     Fiction Central Library, University of Rajshahi Central Library, University of Rajshahi   26/07/1962 Asia foundation Gift   823 SHR 1954 01/03/2014 C-2 Books